MARC

LEADER 00000nam0a2200000 4500
001 257795
005 20260420174350.0
010 |a 5250001157 
035 |a (RuTPU)RU\TPU\book\280613 
090 |a 257795 
100 |a 20140419d1988 km a0rusy5003 ca 
101 0 |a rus 
102 |a RU 
105 |a a z 000zd 
200 1 |a Международная деятельность В. И. Ленина. Защита завоеваний социалистической революции, 1919-1920  |f М. И. Труш 
210 |a Москва  |c Политиздат  |d 1988 
215 |a 397 с. 
320 |a Предметно-тематический указатель: с. 353-359. 
320 |a Географический указатель: с. 360-361. 
320 |a Именной указатель: с. 362-395. 
600 1 |a Ленин  |b В. И.  |c настоящая фамилия Ульянов  |c российский политический деятель  |f 1870-1924  |g Владимир Ильич  |2 stltpush  |3 (RuTPU)RU\TPU\pers\1074  |9 486 
606 |a Ленин В. И.  |x Жизнь и деятельность после Октябрьской революции  |9 85958 
610 1 |a история 
610 1 |a международная деятельность 
610 1 |a социалистическая революция 
610 1 |a защита 
610 1 |a внутренняя политика 
610 1 |a внешняя политика 
686 |a Т3(2)6-8Ленин351  |2 rubbk 
700 1 |a Труш  |b М. И.  |g Михаил Иванович 
801 0 |a RU  |b RuMRKP  |c 19950417  |g psbo 
801 1 |a RU  |b 63413507  |c 20140419 
801 2 |a RU  |b 63413507  |c 20141020  |g RCR 
942 |c BK